[Event "SN-2011-0-00330"]
[Site "LSS email"]
[Date "2011.04.06"]
[Round "?"]
[White "Cummings, Tom"]
[Black "Venturas, Bob"]
[Result "1/2-1/2"]
[WhiteElo "794"]
[BlackElo "716"]
[PlyCount "121"]
[EventDate "2011.03.28"]
[EventType "tourn (corr)"]
[EventRounds "6"]
[EventCountry "GER"]
[SourceTitle "Telechess CBM 149"]
[Source "ChessBase"]
[SourceDate "2012.07.17"]
[SourceVersion "1"]
[SourceVersionDate "2012.07.17"]
[SourceQuality "1"]

1. e4 e5 2. Nf3 Nc6 3. Bb5 d6 4. d4 Bd7 5. Nc3 a6 6. Ba4 b5 7. Bb3 h6 8. 0-0 Nf6 9. a3 Be7 10. Be3 0-0 11. Qd3 Bg4 12. h3 Bxf3 13. gxf3 Qd7 14. h4 Nh5 15. d5 Na5 16. Ne2 Bxh4 17. f4 exf4 18. Nxf4 Qg4+ 19. Ng2 f5 20. e5 f4 21. f3 Qh3 22. Bf2 Bxf2+ 23. Kxf2 Nb7 24. Rfe1 Qg3+ 25. Kg1 Rae8 26. e6 Nc5 27. Qd2 Qxf3 28. e7 Rf5 29. c4 Nxb3 30. Qf2 Nd2 31. Qxd2 Ng3 32. c5 Rxd5 33. Qf2 Qg4 34. c6 Rh5 35. Qxf4 Rh1+ 36. Kf2 Qxf4+ 37. Nxf4 Rxe1 38. Rxe1 Nf5 39. Nd5 Kf7 40. Nxc7 Rxe7 41. Nxa6 Re8 42. Rxe8 Kxe8 43. Nc7+ Kd8 44. Nxb5 d5 45. Ke1 g5 46. a4 Ne7 47. a5 Nxc6 48. a6 Kc8 49. a7 Kb7 50. Nc7 Kxa7 51. Nxd5 Ne5 52. Nf6 Nd3+ 53. Ke2 Nxb2 54. Kf3 Nc4 55. Kg4 Nd6 56. Kh5 Nf7 57. Kg6 Ne5+ 58. Kxh6 g4 59. Nxg4 Nxg4+ 60. Kg5 Ne5 61. Kf5 1/2-1/2

[Event "LSS ZN-2010-0-00969"]
[Site "LSS email"]
[Date "2010.03.24"]
[Round "?"]
[White "Cummings, Tom"]
[Black "Brey Rodrigo, Gonzalo"]
[Result "0-1"]
[WhiteElo "778"]
[BlackElo "828"]
[PlyCount "78"]
[EventDate "2010.03.19"]
[EventType "match (corr)"]
[EventRounds "2"]
[EventCountry "GER"]
[SourceTitle "Telechess CBM 141"]
[Source "ChessBase"]
[SourceDate "2011.03.17"]
[SourceVersion "1"]
[SourceVersionDate "2011.03.17"]
[SourceQuality "1"]

1. e4 e5 2. Nf3 Nc6 3. Bb5 a6 4. Ba4 Nf6 5. 0-0 Bc5 6. c3 d6 7. d4 exd4 8. cxd4 b5 9. dxc5 bxa4 10. cxd6 Qxd6 11. Qxa4 0-0 12. Nc3 Bd7 13. Qd1 Rfe8 14. Re1 Rab8 15. b3 Rb6 16. Nd2 Bg4 17. f3 Bc8 18. Qc2 Bb7 19. Nc4 Qd4+ 20. Be3 Qd7 21. Nxb6 cxb6 22. Bxb6 Nd4 23. Qd1 Nxf3+ 24. gxf3 Qc6 25. Bd4 Nh5 26. Rc1 Nf4 27. Nd5 Qg6+ 28. Kf2 Bxd5 29. Be5 Qg2+ 30. Ke3 g5 31. Rc2 Qh3 32. Qd4 Bxe4 33. Kxe4 f6 34. Qc4+ Kg7 35. Qc7+ Kg6 36. Kd4 Ne6+ 37. Kd5 Nxc7+ 38. Rxc7 Qxf3+ 39. Re4 Rxe5+ 0-1

[Event "LSS OP-2009-0-00978"]
[Site "LSS email"]
[Date "2009.10.24"]
[Round "?"]
[White "Barna, Tamas Jr"]
[Black "Cummings, Tom"]
[Result "0-1"]
[WhiteElo "536"]
[BlackElo "821"]
[PlyCount "70"]
[EventDate "2009.10.19"]
[EventType "tourn (corr)"]
[EventRounds "4"]
[EventCountry "GER"]
[SourceTitle "Telechess CBM 137"]
[Source "ChessBase"]
[SourceDate "2010.07.15"]
[SourceVersion "1"]
[SourceVersionDate "2010.07.15"]
[SourceQuality "1"]

1. e4 e5 2. Nf3 Nc6 3. d4 exd4 4. Nxd4 Bc5 5. Be3 Qf6 6. Nxc6 Bxe3 7. fxe3 Qxc6 8. Qd5 Qxc2 9. Qb5 Qxe4 10. Qe2 d5 11. Nd2 Qg6 12. Qb5+ c6 13. Qd3 Bf5 14. Qe2 Nf6 15. g3 0-0 16. Bg2 Rfe8 17. Qf3 d4 18. 0-0 dxe3 19. Nb3 Nd5 20. Rfe1 Nb4 21. Re2 Bd3 22. Rxe3 Rxe3 23. Qxe3 Nc2 24. Qd2 Nxa1 25. Nxa1 Rd8 26. Bf1 Qf6 27. Bxd3 Qd4+ 28. Kf1 Qxd3+ 29. Qxd3 Rxd3 30. Ke2 Rd6 31. Nc2 a5 32. Ke3 f5 33. Kf4 Rd5 34. g4 fxg4 35. Kxg4 Rd2 0-1

[Event "LSS OP-2009-0-00881"]
[Site "LSS email"]
[Date "2009.06.21"]
[Round "?"]
[White "Cummings, Tom"]
[Black "Busch, Karl"]
[Result "0-1"]
[WhiteElo "818"]
[BlackElo "2116"]
[PlyCount "46"]
[EventDate "2009.06.15"]
[EventType "tourn (corr)"]
[EventRounds "4"]
[EventCountry "GER"]
[SourceTitle "Corr 2011"]
[Source "ChessBase"]
[SourceDate "2010.08.31"]
[SourceVersion "1"]
[SourceVersionDate "2010.08.31"]
[SourceQuality "1"]

1. e4 e5 2. Nf3 Nc6 3. Bb5 a6 4. Ba4 Nf6 5. 0-0 Be7 6. Re1 b5 7. Bb3 d6 8. c3 0-0 9. h3 Be6 10. Bxe6 fxe6 11. Na3 d5 12. Ng5 Qd7 13. d4 Nxe4 14. Nxe4 dxe4 15. Rxe4 Qd5 16. Qd3 exd4 17. cxd4 Rad8 18. Nc2 Bf6 19. Be3 Ne5 20. Nb4 Nxd3 21. Nxd5 exd5 22. Rg4 Nxb2 23. Rc1 Nc4 0-1

[Event "LSS OP-2009-0-00778"]
[Site "LSS email"]
[Date "2009.03.05"]
[Round "?"]
[White "Cummings, Tom"]
[Black "Dantas, Roberto"]
[Result "0-1"]
[WhiteElo "800"]
[BlackElo "1962"]
[PlyCount "70"]
[EventDate "2009.03.01"]
[EventType "tourn (corr)"]
[EventRounds "4"]
[EventCountry "GER"]
[SourceTitle "Corr 2011"]
[Source "ChessBase"]
[SourceDate "2010.08.31"]
[SourceVersion "1"]
[SourceVersionDate "2010.08.31"]
[SourceQuality "1"]

1. e4 c5 2. Nf3 d6 3. d4 cxd4 4. Nxd4 Nf6 5. Nc3 a6 6. Bg5 e6 7. f4 Qc7 8. Bxf6 gxf6 9. f5 Qc5 10. Qd3 Nc6 11. Nb3 Qe5 12. fxe6 fxe6 13. 0-0-0 Bd7 14. a3 0-0-0 15. g3 h5 16. Be2 h4 17. g4 Bh6+ 18. Kb1 Kc7 19. h3 Bf4 20. Rhf1 Qg5 21. Nd4 Ne5 22. Ndb5+ Bxb5 23. Nxb5+ axb5 24. Qc3+ Kb8 25. Bxb5 Nd7 26. Qb4 Nc5 27. Be2 Qe5 28. Bf3 Bg5 29. Rd4 Qg3 30. Qb6 Qxh3 31. Rxd6 Qxf1+ 32. Bd1 Rxd6 33. Qxd6+ Ka8 34. Qd4 h3 35. Ka2 h2 0-1

[Event "LSS OP-2008-0-00688"]
[Site "LSS email"]
[Date "2008.12.03"]
[Round "?"]
[White "Hernandez, Yordan"]
[Black "Cummings, Tom"]
[Result "0-1"]
[WhiteElo "1054"]
[BlackElo "800"]
[PlyCount "36"]
[EventDate "2008.12.01"]
[EventType "tourn (corr)"]
[EventRounds "4"]
[EventCountry "GER"]
[SourceTitle "Corr 2011"]
[Source "ChessBase"]
[SourceDate "2010.08.31"]
[SourceVersion "1"]
[SourceVersionDate "2010.08.31"]
[SourceQuality "1"]

1. e4 e5 2. Nf3 Nc6 3. Bb5 a6 4. Ba4 Nf6 5. 0-0 Be7 6. Re1 b5 7. Bb3 d6 8. h3 0-0 9. c3 h6 10. d4 Re8 11. Nbd2 Bf8 12. Bc2 Bb7 13. Nf1 Nb8 14. Ng3 Nbd7 15. Nh4 a5 16. Nhf5 b4 17. Be3 bxc3 18. bxc3 d5 0-1